Clubs Playing Most La Liga Matches Without Winning La Liga - Statistics

General Stats
  • This quiz has been taken 88 times
  • The average score is 6 of 10
Answer Stats
Matches Played Answer % Correct
2626 Espanyol
81%
988 Mallorca
70%
1986 Zaragoza
64%
1698 Celta Vigo
59%
1318 Osasuna
58%
1096 Las Palmas
56%
1466 Valladolid
51%
1458 Sporting Gijon
41%
1428 Racing Santander
37%
1192 Oviedo
35%
No matching quizzes found
Score Distribution
Percent of People with Each Score
Percentile by Number Answered
Your Score History
You have not taken this quiz